[Event "Titled Tuesday intern op 26th Oct"]
[Site "Chess.com INT"]
[Date "2021.10.26"]
[Round "8"]
[White "Korkmaz, Necmettin"]
[Black "Palu, Andres"]
[Result "1-0"]
[WhiteElo "2092"]
[BlackElo "2068"]
[PlyCount "71"]
[EventDate "2021.10.26"]
[EventType "swiss (blitz)"]
[EventRounds "11"]
[EventCountry "USA"]
[SourceTitle "CBM 204 Extra"]
[Source "ChessBase"]
[SourceDate "2021.11.30"]
[SourceVersion "1"]
[SourceVersionDate "2021.11.30"]
[SourceQuality "1"]

1. e4 c5 2. Nc3 g6 3. f4 Nc6 4. Nf3 Bg7 5. Bb5 e6 6. Bxc6 bxc6 7. d3 Ne7 8. 0-0 d5 9. e5 f5 10. Na4 0-0 11. Nxc5 Rb8 12. d4 h6 13. b3 Kh7 14. Qe1 Rf7 15. Qh4 Kg8 16. Bd2 Bf8 17. h3 Kg7 18. g4 Qc7 19. Kh2 Ng8 20. Nd3 c5 21. dxc5 Bxc5 22. gxf5 Rxf5 23. Qg3 Ba6 24. Nh4 Ne7 25. Rac1 Rh5 26. Nxc5 Qxc5 27. Rg1 Kh7 28. Nxg6 Rg8 29. Nf8+ Kh8 30. Qf3 Rf5 31. Rxg8+ Kxg8 32. Nxe6 Qc6 33. Nd4 Qd7 34. e6 Qd6 35. Qg4+ Kh8 36. Nxf5 1-0

[Event "Titled Tuesday intern op 26th Oct"]
[Site "Chess.com INT"]
[Date "2021.10.26"]
[Round "7"]
[White "Palu, Andres"]
[Black "Langner, Ladislav"]
[Result "1-0"]
[WhiteElo "2068"]
[BlackElo "2376"]
[PlyCount "67"]
[EventDate "2021.10.26"]
[EventType "swiss (blitz)"]
[EventRounds "11"]
[EventCountry "USA"]
[SourceTitle "CBM 204 Extra"]
[Source "ChessBase"]
[SourceDate "2021.11.30"]
[SourceVersion "1"]
[SourceVersionDate "2021.11.30"]
[SourceQuality "1"]

1. e4 c5 2. c3 e6 3. d4 d5 4. e5 Nc6 5. Nf3 Bd7 6. Be2 Nge7 7. 0-0 cxd4 8. cxd4 Nf5 9. Be3 Be7 10. Nc3 0-0 11. g4 Nxe3 12. fxe3 f6 13. exf6 Bxf6 14. Bd3 Be8 15. Bb1 Rc8 16. Kh1 g5 17. a3 Bg6 18. Bxg6 hxg6 19. Qd3 Kg7 20. b4 Qc7 21. Rac1 a6 22. e4 Qf4 23. exd5 exd5 24. Nh4 Qxf1+ 25. Rxf1 gxh4 26. Nxd5 Bxd4 27. Nf4 Rf6 28. g5 Rd6 29. Qc4 Re8 30. Nh5+ Kh8 31. Qf7 Re7 32. Qf8+ Kh7 33. Qh6+ Kg8 34. Rf8# 1-0

[Event "Titled Tuesday intern op 19th Oct"]
[Site "Chess.com INT"]
[Date "2021.10.19"]
[Round "4"]
[White "Maksimovic, Bojan"]
[Black "Palu, Andres"]
[Result "1-0"]
[WhiteElo "2452"]
[BlackElo "2068"]
[PlyCount "107"]
[EventDate "2021.10.19"]
[EventType "swiss (blitz)"]
[EventRounds "11"]
[EventCountry "USA"]
[SourceTitle "CBM 204 Extra"]
[Source "ChessBase"]
[SourceDate "2021.11.30"]
[SourceVersion "1"]
[SourceVersionDate "2021.11.30"]
[SourceQuality "1"]

1. d4 Nf6 2. Nf3 e6 3. c4 b6 4. Nc3 Bb4 5. Bd2 0-0 6. a3 Bxc3 7. Bxc3 Bb7 8. Nd2 Ne4 9. Nxe4 Bxe4 10. f3 Bg6 11. e3 d6 12. Be2 Nd7 13. 0-0 Qe7 14. Qd2 e5 15. d5 f5 16. b4 Kh8 17. Kh1 f4 18. e4 Nf6 19. c5 Nh5 20. Rfc1 Rf6 21. Qe1 Be8 22. cxd6 cxd6 23. b5 Rh6 24. Kg1 Qg5 25. Bf1 Ng3 26. a4 Qh4 27. h3 Rg6 28. Ra2 Bd7 29. Kh2 Qg5 30. Qf2 Rc8 31. Rac2 Rc5 32. Be1 Rh6 33. Rxc5 dxc5 34. a5 g6 35. axb6 axb6 36. Ra1 Qe7 37. Ra8+ Kg7 38. Bc3 Kf6 39. Kg1 g5 40. Qb2 g4 41. Bxe5+ Kf7 42. Bxf4 gxh3 43. Bxh6 h2+ 44. Kxh2 Qh4+ 45. Kg1 Qxh6 46. Qe5 Qe3+ 47. Kh2 Nxf1+ 48. Kh1 Qh6+ 49. Kg1 Ng3 50. Qxg3 Qe3+ 51. Qf2 Qxf2+ 52. Kxf2 Bxb5 53. Rb8 Bc4 54. Rxb6 1-0

[Event "Titled Tuesday intern op 19th Oct"]
[Site "Chess.com INT"]
[Date "2021.10.19"]
[Round "1"]
[White "Marra, Eduardo da Costa"]
[Black "Palu, Andres"]
[Result "1-0"]
[WhiteElo "2200"]
[BlackElo "2068"]
[PlyCount "113"]
[EventDate "2021.10.19"]
[EventType "swiss (blitz)"]
[EventRounds "11"]
[EventCountry "USA"]
[SourceTitle "CBM 204 Extra"]
[Source "ChessBase"]
[SourceDate "2021.11.30"]
[SourceVersion "1"]
[SourceVersionDate "2021.11.30"]
[SourceQuality "1"]

1. e4 c5 2. Nf3 g6 3. d4 cxd4 4. Qxd4 Nf6 5. e5 Nc6 6. Qa4 Nd5 7. Qe4 Nb6 8. Bb5 Bg7 9. 0-0 0-0 10. Nc3 d5 11. Qf4 Qc7 12. Re1 Be6 13. a3 a6 14. Bd3 Rad8 15. h4 d4 16. Nd1 Bd5 17. e6 Qxf4 18. Bxf4 fxe6 19. Bc7 Bxf3 20. gxf3 Nd5 21. Bxd8 Nxd8 22. Be4 Nc6 23. Rc1 Bh6 24. Rb1 Rf4 25. b3 Rxh4 26. Bxd5 exd5 27. Nb2 Rf4 28. Kg2 Rf5 29. Re6 Bd2 30. Rd1 Bc3 31. Nd3 Kf7 32. Re2 e5 33. b4 Rg5+ 34. Kf1 Rf5 35. Rb1 b5 36. Nc5 Rxf3 37. Nxa6 e4 38. Kg2 Rf6 39. Nc7 d3 40. cxd3 exd3 41. Re3 Bd4 42. Rxd3 Rxf2+ 43. Kg3 Rf5 44. Nxb5 Be5+ 45. Kg2 Ke6 46. Re1 Rg5+ 47. Kf3 h5 48. Ke2 h4 49. Kd1 Rg2 50. Nc7+ Kf5 51. Nxd5 Ra2 52. Ne3+ Ke4 53. Rb3 Nd4 54. Nc2+ Kd5 55. Rd3 h3 56. Rxe5+ Kxe5 57. Nxd4 1-0

[Event "Titled Tuesday intern op 31st Aug"]
[Site "Chess.com INT"]
[Date "2021.08.31"]
[Round "6"]
[White "Barrionuevo, Pablo"]
[Black "Palu, Andres"]
[Result "1/2-1/2"]
[WhiteElo "2259"]
[BlackElo "2068"]
[PlyCount "133"]
[EventDate "2021.08.31"]
[EventType "swiss (blitz)"]
[EventRounds "11"]
[EventCountry "USA"]
[SourceTitle "EXT 2022"]
[Source "ChessBase"]
[SourceDate "2021.10.06"]
[SourceVersion "1"]
[SourceVersionDate "2021.10.06"]
[SourceQuality "1"]

1. d4 Nf6 2. Bg5 c5 3. d5 Qb6 4. Nc3 Qxb2 5. Bd2 Qb6 6. e4 d6 7. f4 g6 8. Nf3 Bg7 9. e5 Nfd7 10. Rb1 Qd8 11. e6 fxe6 12. dxe6 Nf6 13. Bb5+ Nc6 14. Ng5 0-0 15. Bxc6 bxc6 16. 0-0 h6 17. Nf7 Rxf7 18. exf7+ Kxf7 19. Qf3 d5 20. Kh1 Bg4 21. Qf2 d4 22. Na4 Ne4 23. Qe1 Bf5 24. Ba5 Qd5 25. Rb7 Bf6 26. h3 Bxh3 27. gxh3 Nd6+ 28. Kh2 Nxb7 29. Bd2 Nd6 30. Qe2 c4 31. Bb4 Ne4 32. Nb2 c3 33. Nd3 c5 34. Ba3 c4 35. Nb4 Qb7 36. Qxc4+ Kg7 37. Re1 Rc8 38. Qe2 Nd2 39. Kg3 Qb5 40. Nd3 Qf5 41. Bxe7 Rc7 42. Bxf6+ Qxf6 43. h4 Rf7 44. a4 g5 45. hxg5 hxg5 46. Qe5 gxf4+ 47. Nxf4 Qxe5 48. Rxe5 Nf1+ 49. Kg4 Ne3+ 50. Kg5 Nxc2 51. Nh5+ Kf8 52. Rd5 Ke7 53. Nf4 Ne3 54. Ng6+ Ke6 55. Rxd4 Rf5+ 56. Kh6 c2 57. Re4+ Kd5 58. Rxe3 c1Q 59. Ne7+ Kc5 60. Nxf5 Kb4 61. Kg6 Qxe3 62. Nxe3 Kxa4 63. Nc4 Kb3 64. Na5+ Kc3 65. Kf6 Kb4 66. Nc6+ Kb5 67. Nxa7+ 1/2-1/2

[Event "Titled Tuesday intern op 31st Aug"]
[Site "Chess.com INT"]
[Date "2021.08.31"]
[Round "7"]
[White "Heinemann, Josefine"]
[Black "Palu, Andres"]
[Result "0-1"]
[WhiteElo "2296"]
[BlackElo "2068"]
[PlyCount "122"]
[EventDate "2021.08.31"]
[EventType "swiss (blitz)"]
[EventRounds "11"]
[EventCountry "USA"]
[SourceTitle "EXT 2022"]
[Source "ChessBase"]
[SourceDate "2021.10.06"]
[SourceVersion "1"]
[SourceVersionDate "2021.10.06"]
[SourceQuality "1"]

1. Nf3 d5 2. e3 Nf6 3. c4 g6 4. b3 Bg7 5. Bb2 dxc4 6. bxc4 0-0 7. Nc3 c5 8. d3 Nc6 9. Be2 Bg4 10. 0-0 b6 11. h3 Bf5 12. d4 cxd4 13. exd4 Rc8 14. Rc1 Ne4 15. Nxe4 Bxe4 16. Qa4 Bxf3 17. Bxf3 Nxd4 18. Bxd4 Bxd4 19. Qxa7 e5 20. Qa6 Qe7 21. Bd5 Kg7 22. Qa4 Rc7 23. Qb3 f5 24. Rcd1 Bc5 25. Rfe1 e4 26. Kf1 Qe5 27. Kg1 Qf6 28. Qg3 Ra7 29. Qb3 Ra3 30. Qb5 Rxa2 31. Qd7+ Kh6 32. Rf1 Qh4 33. Ra1 Rxf2 34. Rxf2 Qxf2+ 35. Kh1 Qd4 36. Re1 e3 37. Qe6 f4 38. Qg4 Qf6 39. Qf3 Qg5 40. Qe4 Qf5 41. Qxf5 Rxf5 42. Kh2 b5 43. Be4 Re5 44. Bd3 b4 45. Bc2 Bd4 46. Re2 Ra5 47. Be4 Ra3 48. g3 fxg3+ 49. Kxg3 Rc3 50. Bd5 b3 51. Kf3 Rc2 52. Be4 Rxc4 53. Re1 b2 54. Bb1 Rc1 55. Ke2 Bc3 56. Rd1 Bd2 57. Bd3 Rc7 58. Bb1 Rf7 59. Be4 Rf2+ 60. Kd3 Bc1 61. Kd4 Rd2+ 0-1

[Event "Titled Tuesday intern op 31st Aug"]
[Site "Chess.com INT"]
[Date "2021.08.31"]
[Round "1"]
[White "Palu, Andres"]
[Black "Purtseladze, Maka"]
[Result "1-0"]
[WhiteElo "2068"]
[BlackElo "2274"]
[PlyCount "115"]
[EventDate "2021.08.31"]
[EventType "swiss (blitz)"]
[EventRounds "11"]
[EventCountry "USA"]
[SourceTitle "EXT 2022"]
[Source "ChessBase"]
[SourceDate "2021.10.06"]
[SourceVersion "1"]
[SourceVersionDate "2021.10.06"]
[SourceQuality "1"]

1. e4 c6 2. d4 d5 3. Nd2 dxe4 4. Nxe4 Nf6 5. Ng3 h5 6. h4 Bg4 7. Nf3 Nbd7 8. Be2 e6 9. 0-0 Bd6 10. Re1 Qc7 11. Nf1 0-0-0 12. Bg5 Bf4 13. Bxf4 Qxf4 14. Qd2 Nd5 15. Qxf4 Nxf4 16. N1d2 Nxe2+ 17. Rxe2 Nb6 18. c3 Nd5 19. g3 Rhe8 20. Ree1 f6 21. Kg2 Kc7 22. Nc4 Nb6 23. Ne3 Na4 24. Rab1 c5 25. dxc5 Nxc5 26. Nd4 e5 27. Nb3 Nxb3 28. axb3 Rd2 29. Nxg4 hxg4 30. Kf1 Red8 31. Re2 Kc6 32. Rxd2 Rxd2 33. Ke1 Rd5 34. Ke2 f5 35. Ra1 a5 36. c4 Rc5 37. Kd3 b5 38. Kc3 a4 39. Kb4 g6 40. cxb5+ Rxb5+ 41. Kxa4 Rd5 42. Rc1+ Kb6 43. Rc2 Rd3 44. b4 Rf3 45. Rd2 Kc6 46. b5+ Kc5 47. Ka5 Rb3 48. Rc2+ Kd4 49. b6 f4 50. Ka6 fxg3 51. fxg3 Rxg3 52. b7 Rb3 53. Ka7 e4 54. b8Q Rxb8 55. Kxb8 Kd3 56. Rg2 e3 57. Rxg4 e2 58. Rg1 1-0

[Event "FISU World University"]
[Site "Tornelo INT"]
[Date "2020.10.28"]
[Round "8.34"]
[White "Palu, Andres"]
[Black "Sole, Michael D"]
[Result "1-0"]
[WhiteElo "2068"]
[BlackElo "1805"]
[PlyCount "79"]
[EventDate "2020.10.26"]
[EventType "team-swiss (rapid)"]
[EventRounds "9"]
[EventCountry "NET"]
[SourceTitle "CBM 199 Extra"]
[Source "ChessBase"]
[SourceDate "2021.01.31"]
[SourceVersion "1"]
[SourceVersionDate "2021.01.31"]
[SourceQuality "1"]
[WhiteTeam "Argentina IV"]
[BlackTeam "New Zealand"]
[WhiteTeamCountry "ARG"]
[BlackTeamCountry "NZL"]

1. e4 e5 2. Nf3 Nc6 3. d4 exd4 4. Bc4 Nf6 5. e5 Ne4 6. 0-0 Be7 7. Re1 Nc5 8. Nxd4 Nxd4 9. Qxd4 0-0 10. Nc3 Ne6 11. Qd3 d6 12. exd6 Bxd6 13. Be3 Nf4 14. Bxf4 Bxf4 15. Qf3 Bxh2+ 16. Kf1 Be6 17. Bxe6 fxe6 18. Qh3 Qd4 19. Re2 Bd6 20. Rd1 Qf4 21. Ne4 Rae8 22. g3 Qf5 23. Qxf5 Rxf5 24. Rxd6 cxd6 25. Nxd6 Rd8 26. Nxf5 exf5 27. Re7 Rd2 28. Rc7 a6 29. Ke1 Rd6 30. Rxb7 h6 31. c4 Kh7 32. c5 Rc6 33. b4 h5 34. Rb6 Rc7 35. Rxa6 Rb7 36. a3 g5 37. Kf1 h4 38. Kg2 g4 39. gxh4 f4 40. Rf6 1-0

[Event "Caba Legislatura Cup"]
[Site "Caba"]
[Date "2018.04.07"]
[Round "2"]
[White "Palu, Andres"]
[Black "Perelman, Hernan"]
[Result "1/2-1/2"]
[WhiteElo "1993"]
[BlackElo "2308"]
[PlyCount "136"]
[EventDate "2018.04.06"]
[EventType "swiss"]
[EventRounds "9"]
[EventCountry "ARG"]
[SourceTitle "CBM 184 Extra"]
[Source "ChessBase"]
[SourceDate "2018.06.28"]
[SourceVersion "1"]
[SourceVersionDate "2018.06.28"]
[SourceQuality "1"]

1. e4 e6 2. d4 c5 3. Nf3 cxd4 4. Nxd4 a6 5. Nc3 Qc7 6. Bd3 Nf6 7. 0-0 Nc6 8. Nxc6 dxc6 9. f4 e5 10. f5 b5 11. a3 Bb7 12. Qf3 Rd8 13. Bg5 h6 14. Bh4 Be7 15. Rad1 Rd7 16. Be2 Rxd1 17. Rxd1 0-0 18. Bf2 c5 19. Nd5 Bxd5 20. exd5 e4 21. Qe3 Rd8 22. Bg3 Bd6 23. c4 bxc4 24. Bxc4 Re8 25. Bxd6 Qxd6 26. h3 Re5 27. Qf4 e3 28. Re1 Qd7 29. d6 Qxd6 30. Rxe3 Qd1+ 31. Kh2 Rxe3 32. Qxe3 Qd6+ 33. Qg3 Qb6 34. Qe5 Kf8 35. b3 a5 36. a4 Nd7 37. Qd5 Qc7+ 38. Kg1 Nf6 39. Qa8+ Ke7 40. Qf3 Nd7 41. Qd5 Ne5 42. Kf2 Kf6 43. g4 h5 44. Be2 h4 45. Bf3 Qb6 46. Kg2 Qc7 47. Be4 Nd7 48. Qd3 Ne5 49. Qd5 g6 50. fxg6 fxg6 51. Qd2 g5 52. Qf2+ Kg7 53. Qf5 Nf7 54. Kf1 Qf4+ 55. Ke2 Qh2+ 56. Qf2 Qe5 57. Qf5 Qb2+ 58. Bc2 Qc3 59. Qd3 Qe5+ 60. Qe4 Kf6 61. Qxe5+ Kxe5 62. Ke3 Nd8 63. Kd3 Kd5 64. Bd1 Ne6 65. Bf3+ Kd6 66. Kc4 Nf4 67. Kb5 Nxh3 68. Kxa5 Nf4 1/2-1/2

[Event "Villa Martelli ProAm op 24th"]
[Site "Villa Martelli"]
[Date "2017.10.08"]
[Round "9"]
[White "Palu, Andres"]
[Black "Della Morte, German"]
[Result "0-1"]
[WhiteElo "2063"]
[BlackElo "2362"]
[PlyCount "80"]
[EventDate "2017.10.01"]
[EventType "swiss"]
[EventRounds "9"]
[EventCountry "ARG"]
[SourceTitle "CBM 181 Extra"]
[Source "ChessBase"]
[SourceDate "2017.12.12"]
[SourceVersion "1"]
[SourceVersionDate "2017.12.12"]
[SourceQuality "1"]

1. e4 c5 2. Nc3 Nc6 3. g3 g6 4. Bg2 Bg7 5. Nge2 e6 6. 0-0 Nge7 7. d3 0-0 8. Be3 Nd4 9. f4 d5 10. Bf2 b6 11. Nxd4 cxd4 12. Ne2 dxe4 13. dxe4 d3 14. cxd3 Bxb2 15. Rb1 Bg7 16. Qd2 Qd7 17. e5 Bb7 18. Bxb7 Qxb7 19. Nc3 Rad8 20. Nb5 Nf5 21. g4 Ne7 22. Nd6 Qf3 23. Qd1 Qxd1 24. Rbxd1 Nd5 25. Bh4 Rd7 26. Rf3 f6 27. exf6 Bxf6 28. Bxf6 Rxf6 29. Ne4 Rf8 30. g5 Kg7 31. Rdf1 Rdf7 32. Nf6 Nxf6 33. gxf6+ Rxf6 34. Kg2 Rc8 35. R1f2 Rc3 36. Re3 Kf7 37. Rh3 h5 38. Re3 Rf5 39. Rfe2 Rc6 40. Re4 Rd5 0-1

[Event "Villa Martelli ProAm op 24th"]
[Site "Villa Martelli"]
[Date "2017.10.05"]
[Round "6"]
[White "Palu, Andres"]
[Black "Dolezal, Cristian"]
[Result "1/2-1/2"]
[WhiteElo "2063"]
[BlackElo "2426"]
[PlyCount "135"]
[EventDate "2017.10.01"]
[EventType "swiss"]
[EventRounds "9"]
[EventCountry "ARG"]
[SourceTitle "CBM 181 Extra"]
[Source "ChessBase"]
[SourceDate "2017.12.12"]
[SourceVersion "1"]
[SourceVersionDate "2017.12.12"]
[SourceQuality "1"]

1. e4 c5 2. Nf3 e6 3. d4 cxd4 4. Nxd4 Nf6 5. Nc3 Nc6 6. Nxc6 bxc6 7. e5 Nd5 8. Nxd5 cxd5 9. Bd3 Ba6 10. 0-0 Bxd3 11. Qxd3 Qc7 12. Bf4 Rb8 13. Rab1 Rb4 14. g3 Rc4 15. c3 Be7 16. Rfe1 0-0 17. Be3 Ra4 18. a3 Rb8 19. Re2 Rb3 20. Rc1 Qb7 21. Bd4 g6 22. Qd2 Rc4 23. Rc2 h5 24. h4 a5 25. Re3 Qc8 26. Rf3 Qf8 27. Kg2 Qg7 28. Qe2 a4 29. Kh2 Rb8 30. Rd3 Qh6 31. f4 Rbc8 32. Rcd2 Kf8 33. Qf2 Ke8 34. Re2 Qf8 35. Rdd2 Rb8 36. Qe3 Kd8 37. Bb6+ Ke8 38. Bd4 Rb7 39. Qf2 Kd8 40. Bb6+ Kc8 41. Bd4 Kc7 42. Qe3 Kc6 43. Qf2 Qb8 44. Qf3 Qh8 45. Qf2 Rb5 46. Qe3 Qb8 47. Qf2 Bf8 48. Qf3 Be7 49. Qf2 Bc5 50. Bxc5 Rbxc5 51. Qf3 Qb5 52. Qf2 Kc7 53. Qf3 Qc6 54. Qf2 Rb5 55. Qa7+ Qb7 56. Qf2 Qb6 57. Qf3 Qc5 58. Qf2 Rb6 59. Qf3 Rc6 60. Qd3 Kd8 61. Kg2 Ke7 62. Kh2 Rc7 63. Kg2 d4 64. cxd4 Qd5+ 65. Qe4 Qxe4+ 66. Rxe4 Rb7 67. Re1 Rb3 68. Kf2 1/2-1/2

[Event "Wch U18"]
[Site "Montevideo"]
[Date "2017.09.24"]
[Round "9"]
[White "Zhu, Brandon"]
[Black "Palu, Andres"]
[Result "1/2-1/2"]
[WhiteElo "2015"]
[BlackElo "2147"]
[PlyCount "89"]
[EventDate "2017.09.17"]
[EventType "swiss"]
[EventRounds "11"]
[EventCountry "URU"]
[SourceTitle "CBM 180 Extra"]
[Source "ChessBase"]
[SourceDate "2017.10.06"]
[SourceVersion "1"]
[SourceVersionDate "2017.10.06"]
[SourceQuality "1"]

1. e4 c5 2. Nf3 g6 3. c3 Bg7 4. d4 cxd4 5. cxd4 d5 6. e5 Bg4 7. Bb5+ Nd7 8. 0-0 e6 9. Nbd2 Ne7 10. h3 Bxf3 11. Nxf3 a6 12. Be2 Qb6 13. b3 0-0 14. Ba3 Rfe8 15. Qd2 Nc6 16. Rfe1 Bf8 17. Bxf8 Rxf8 18. Qh6 Rfc8 19. Rad1 Nb4 20. Bd3 Nxa2 21. Re3 Nf8 22. Qf4 Qc7 23. Ng5 b5 24. Rf3 Ra7 25. Qd2 Nc3 26. Rxf7 Nxd1 27. Rxc7 Raxc7 28. Qf4 Nc3 29. h4 Re8 30. Qf6 Rg7 31. Qf3 Na2 32. Be2 Rc7 33. h5 Nb4 34. h6 Nc6 35. Qf4 Nd8 36. Qf6 Ree7 37. Bg4 Rc1+ 38. Kh2 Rcc7 39. b4 a5 40. bxa5 b4 41. Bd1 Nc6 42. a6 Nxd4 43. Qf4 Rc4 44. Qf6 Rcc7 45. Qf4 1/2-1/2

[Event "Wch U18"]
[Site "Montevideo"]
[Date "2017.09.17"]
[Round "1"]
[White "Yeletsky, Ivan"]
[Black "Palu, Andres"]
[Result "1-0"]
[WhiteElo "2422"]
[BlackElo "2147"]
[PlyCount "49"]
[EventDate "2017.09.17"]
[EventType "swiss"]
[EventRounds "11"]
[EventCountry "URU"]
[SourceTitle "CBM 180 Extra"]
[Source "ChessBase"]
[SourceDate "2017.10.06"]
[SourceVersion "1"]
[SourceVersionDate "2017.10.06"]
[SourceQuality "1"]

1. e4 c5 2. Nf3 g6 3. c3 Bg7 4. d4 cxd4 5. cxd4 d5 6. e5 Nc6 7. Bb5 Bg4 8. 0-0 Nh6 9. Nbd2 Qb6 10. Bxc6+ bxc6 11. h3 Bxf3 12. Nxf3 0-0 13. Bf4 e6 14. g4 Kh8 15. Qd2 Ng8 16. Rac1 Rfc8 17. Kg2 Bf8 18. Rc2 Rc7 19. h4 Qb8 20. h5 Qe8 21. Rh1 Rac8 22. b4 Rb7 23. a3 f5 24. exf6 Nxf6 25. Be5 1-0

[Event "ARG-ch sf 92nd"]
[Site "Buenos Aires"]
[Date "2017.07.16"]
[Round "8.21"]
[White "Lupis, Federico"]
[Black "Palu, Andres"]
[Result "1/2-1/2"]
[WhiteElo "1970"]
[BlackElo "2212"]
[PlyCount "58"]
[EventDate "2017.07.10"]
[EventType "swiss"]
[EventRounds "9"]
[EventCountry "ARG"]
[SourceTitle "EXT 2018"]
[Source "ChessBase"]
[SourceDate "2017.10.13"]
[SourceVersion "1"]
[SourceVersionDate "2017.10.13"]
[SourceQuality "1"]

1. d4 Nf6 2. c4 e6 3. Nf3 b6 4. Nc3 Bb7 5. e3 Bb4 6. Bd2 d6 7. Qa4+ Nc6 8. d5 exd5 9. cxd5 Bxc3 10. Bxc3 Nxd5 11. Bb5 Qd7 12. Qe4+ Qe6 13. Qa4 Nde7 14. Bxg7 Rg8 15. Nd4 Qe4 16. Bf6 a6 17. Nxc6 Qxa4 18. Bxa4 Bxc6 19. Bxc6+ Nxc6 20. 0-0 Kd7 21. Rad1 Rg6 22. Bc3 Rag8 23. g3 Re8 24. Rd5 Ne5 25. Rfd1 Rge6 26. Kg2 c6 27. R5d4 Rh6 28. Re4 Rhe6 29. Red4 Kc7 1/2-1/2

[Event "ARG-ch sf 92nd"]
[Site "Buenos Aires"]
[Date "2017.07.11"]
[Round "2"]
[White "Villanueva, Mario Nicolas"]
[Black "Palu, Andres"]
[Result "1-0"]
[WhiteElo "2435"]
[BlackElo "2212"]
[PlyCount "107"]
[EventDate "2017.07.10"]
[EventType "swiss"]
[EventRounds "9"]
[EventCountry "ARG"]
[SourceTitle "EXT 2018"]
[Source "ChessBase"]
[SourceDate "2017.10.13"]
[SourceVersion "1"]
[SourceVersionDate "2017.10.13"]
[SourceQuality "1"]

1. e4 c5 2. Nf3 g6 3. d4 cxd4 4. Nxd4 Nc6 5. Nc3 Bg7 6. Be3 Nf6 7. Bc4 0-0 8. Bb3 Ng4 9. Qxg4 Nxd4 10. Qd1 Nxb3 11. axb3 a5 12. Bd4 d6 13. Bxg7 Kxg7 14. Qd4+ f6 15. 0-0 Be6 16. Nd5 Bg8 17. b4 e5 18. Qd2 axb4 19. Rxa8 Qxa8 20. Nb6 Qd8 21. Qxb4 Qc7 22. c3 Qc5 23. Qxc5 dxc5 24. Rd1 Be6 25. f3 Kf7 26. Na4 Rc8 27. Rd6 Ke7 28. Rb6 Rc7 29. b3 Bd7 30. c4 Bxa4 31. bxa4 Rd7 32. Kf2 Rd2+ 33. Kg3 Rd7 34. h4 h5 35. Kh3 Kf7 36. Rb5 Rc7 37. g4 hxg4+ 38. Kxg4 Ke6 39. Rb6+ Ke7 40. a5 Rd7 41. h5 gxh5+ 42. Kxh5 Kf7 43. Rb5 Rc7 44. Kh6 f5 45. Kg5 fxe4 46. fxe4 Ke6 47. Rb6+ Kd7 48. Kf5 Kc8 49. Kxe5 Re7+ 50. Re6 Rd7 51. Rd6 Re7+ 52. Kd5 Kc7 53. Re6 Rh7 54. e5 1-0

[Event "San Luis La Punta IM"]
[Site "San Luis"]
[Date "2016.12.17"]
[Round "8"]
[White "Pierrot, Juan Facundo"]
[Black "Palu, Andres"]
[Result "1-0"]
[WhiteElo "2393"]
[BlackElo "2061"]
[PlyCount "126"]
[EventDate "2016.12.12"]
[EventType "tourn"]
[EventRounds "9"]
[EventCountry "ARG"]
[EventCategory "2"]
[SourceTitle "CBM 176 Extra"]
[Source "ChessBase"]
[SourceDate "2017.03.02"]
[SourceVersion "1"]
[SourceVersionDate "2017.03.02"]
[SourceQuality "1"]

1. e4 c5 2. Nf3 g6 3. d4 cxd4 4. Nxd4 Nc6 5. c4 Nf6 6. Nc3 Nxd4 7. Qxd4 d6 8. Be2 Bg7 9. Be3 0-0 10. Qd2 a5 11. 0-0 a4 12. Rfd1 Qa5 13. Rac1 Be6 14. f3 Nd7 15. Nd5 Bxd5 16. cxd5 Nc5 17. Qxa5 Rxa5 18. Rc2 f5 19. exf5 Rxf5 20. f4 Rf8 21. h4 Bf6 22. h5 gxh5 23. Bxh5 Rb5 24. Bc1 Rb4 25. Bf3 Ra8 26. g4 Rd4 27. Be3 Rxd1+ 28. Bxd1 b5 29. g5 Bg7 30. Rh2 Nd3 31. Be2 Nxb2 32. Bxb5 Rb8 33. Be2 a3 34. Kf2 Rc8 35. Bg4 Rc2+ 36. Kg1 Rc3 37. Be6+ Kf8 38. Bd2 Rd3 39. Re2 Nc4 40. Be1 Bd4+ 41. Kh2 Be3 42. Bg3 Rd4 43. Kh3 Rd2 44. Rxd2 Bxd2 45. Kg4 Kg7 46. Kf3 Nb6 47. Ke2 Bc3 48. Kd3 Bb2 49. Be1 h6 50. gxh6+ Kxh6 51. Bh4 Na4 52. Kc2 Bf6 53. Bxf6 exf6 54. Kb3 Nc5+ 55. Kxa3 Kg7 56. Kb4 Kf8 57. Bf5 Ke7 58. a4 Kd8 59. a5 Kc7 60. Kb5 Kb7 61. a6+ Nxa6 62. Bc8+ Kxc8 63. Kxa6 Kc7 1-0

[Event "San Luis La Punta IM"]
[Site "San Luis"]
[Date "2016.12.15"]
[Round "5"]
[White "Jorquera Cahuin, Marcelo Joaquin"]
[Black "Palu, Andres"]
[Result "1/2-1/2"]
[WhiteElo "2290"]
[BlackElo "2061"]
[PlyCount "69"]
[EventDate "2016.12.12"]
[EventType "tourn"]
[EventRounds "9"]
[EventCountry "ARG"]
[EventCategory "2"]
[SourceTitle "CBM 176 Extra"]
[Source "ChessBase"]
[SourceDate "2017.03.02"]
[SourceVersion "1"]
[SourceVersionDate "2017.03.02"]
[SourceQuality "1"]

1. e4 c5 2. Nc3 g6 3. g3 Bg7 4. Bg2 Nc6 5. d3 e6 6. Be3 d6 7. Qd2 Qa5 8. f4 Nge7 9. Nf3 Bd7 10. d4 Qb4 11. a3 Qb6 12. 0-0-0 cxd4 13. Nxd4 Nxd4 14. Bxd4 Bxd4 15. Qxd4 Qxd4 16. Rxd4 Nc8 17. Rhd1 Bc6 18. Bf1 a6 19. e5 d5 20. Ne4 Ke7 21. Nf6 Nb6 22. b3 Rac8 23. a4 Nd7 24. Nxd7 Bxd7 25. Kb2 Rc7 26. R4d2 Rhc8 27. Bd3 Ra8 28. Ra1 Rac8 29. h4 h5 30. a5 Bc6 31. b4 Bd7 32. Ra3 Be8 33. Be2 Bd7 34. Bd3 Be8 35. Be2 1/2-1/2

[Event "Pan American-ch U18 27th"]
[Site "Montevideo"]
[Date "2016.07.31"]
[Round "9"]
[White "Vergara Jofre, Felipe Andres"]
[Black "Palu, Andres"]
[Result "1/2-1/2"]
[WhiteElo "2173"]
[BlackElo "2152"]
[PlyCount "51"]
[EventDate "2016.07.25"]
[EventType "swiss"]
[EventRounds "9"]
[EventCountry "URU"]
[SourceTitle "EXT 2017"]
[Source "ChessBase"]
[SourceDate "2016.10.25"]
[SourceVersion "1"]
[SourceVersionDate "2016.10.25"]
[SourceQuality "1"]

1. e4 c5 2. Nf3 g6 3. d4 cxd4 4. Nxd4 Nc6 5. c4 Nf6 6. Nc3 d6 7. Be2 Nxd4 8. Qxd4 Bg7 9. Be3 0-0 10. Qd2 Be6 11. 0-0 Qd7 12. Rfd1 Rfc8 13. b3 Qe8 14. f3 Nd7 15. Rac1 b6 16. Kh1 Rab8 17. Nb5 a6 18. Nd4 Nf8 19. Rc2 Bd7 20. Rdc1 Ne6 21. Nxe6 Bxe6 22. Bd3 Qd7 23. a4 a5 24. Qf2 Qb7 25. Rb1 Bd7 26. Rd1 1/2-1/2